000 01562nam a22001577a 4500
999 _c518090
_d518090
008 210817b ||||| |||| 00| 0 eng d
100 _aAoki, Naomi
_928510
245 _aUncovering the aspirations to be a leading local government: A content analysis approach
260 _aLocal Government Studies
300 _a 46(4), Aug, 2020: p.622-640
520 _aSome local governments lead by doing something new or doing it earlier than others, and they gain a reputation as pioneers, but to what extent do their policy makers have leadership aspirations – the desire to make their local governments achieve or maintain a leadership position? To address this question, this study makes the first unique attempt to systematically investigate and measure leadership aspirations at the level of local government by conducting a content analysis of the verbatim assembly minutes of Japanese prefectures. Leadership aspirations remained much lower in most, but not all, of the non-capital prefectures than in Tokyo. Policy makers across prefectures aspired to lead in different areas of action and within different bounds of the social system. These findings prompt future investigators to study the antecedents and determinants of leadership aspirations at the local level and suggest the best areas and social systems for local governments to target. – Reproduced
650 _aLeading local governments, Leadership aspirations, Japan, Content analysis, Innovation
_926897
773 _aLocal Government Studies
906 _aLOCAL GOVERNMENT
942 _cAR